|
|
|
|
| LEADER |
00735nab a2200217 i 4500 |
| 001 |
misc61277 |
| 005 |
20241003144247.0 |
| 008 |
230704s1918 hu o 000 ger d |
| 040 |
|
|
|a SZTE Miscellanea Repozitórium
|b hun
|
| 041 |
|
|
|a ger
|
| 100 |
1 |
|
|a Sieg Emil
|
| 245 |
1 |
0 |
|a Ein einheimischer Name für Toxrï
|h [elektronikus dokumentum] /
|c Sieg Emil
|
| 260 |
|
|
|a [Verlag der Akademie der Wissenschaften]
|b [Berlin]
|c 1918
|
| 300 |
|
|
|a 560-565
|c 26 cm
|
| 300 |
|
|
|a [6] p.
|c 26 cm
|
| 561 |
|
|
|a Németh Gyula hagyaték
|
| 591 |
|
|
|a NOV 5580
|
| 650 |
|
4 |
|a Bölcsészettudományok
|
| 650 |
|
4 |
|a Nyelvek és irodalom
|
| 695 |
|
|
|a Ujgur nyelv, Ujgurok története
|
| 856 |
4 |
0 |
|u http://misc.bibl.u-szeged.hu/61277/1/5580_nov.pdf
|z Dokumentum-elérés
|